[Event "VII TCh-RUS w"]
[Site "Sochi RUS"]
[Date "2006.04.26"]
[Round "7"]
[White "Kirillova,V"]
[Black "Movsisian,N"]
[Result "1-0"]
[WhiteElo "2225"]
[BlackElo "2291"]
[EventDate "2006.04.20"]

1. e4 e6 2. d3 d5 3. Nd2 Nf6 4. Ngf3 Nc6 5. c3 a5 6. Be2 dxe4 7. dxe4 Bc5
8. O-O O-O 9. b3 e5 10. a3 Qe7 11. Bb2 Rd8 12. Qc2 b6 13. b4 axb4 14. axb4
Rxa1 15. Rxa1 Bd6 16. Nc4 Bb7 17. Nfd2 Nb8 18. Ne3 Qd7 19. Rd1 Bc6 20. Bc4
Ba4 21. Bb3 Bxb3 22. Qxb3 Ng4 23. Ndc4 Nxe3 24. Nxe3 Qe8 25. Nf5 Bf8 26. h3
Rxd1+ 27. Qxd1 b5 28. Bc1 g6 29. Ne3 Qd7 30. Nd5 Qd6 31. Bg5 Nd7 32. Qg4
Kg7 33. Qh4 h5 34. Be7 Bxe7 35. Qxe7 Qxe7 36. Nxe7 Nb6 37. Nc6 Na4 38. Nxe5
Nxc3 39. f3 Kf6 40. Nd3 Ke6 41. Kf2 Ke7 42. Ke3 Kd6 43. h4 Na4 44. Kd4 Nb6
45. g4 Nd7 46. e5+ Ke7 47. gxh5 gxh5 48. Nf4 Nf8 49. Kd5 Kd8 50. Kc6 Nd7
51. Nd3 Nf8 52. Nf4 Nd7 53. Kd5 Nf8 54. Nxh5 Ng6 55. f4 Nxh4 56. Kc6 Nf5
57. Kxb5 Nd4+ 58. Kc4 Nc2 59. b5 Ne3+ 60. Kc5 Nf5 61. Nf6 Ne3 62. Nd5 Nf5
63. Nb4 Kd7 64. Nc6 Ne3 65. Nd4 Ng4 66. Kd5 Ne3+ 67. Ke4 Nc4 68. f5 Nb6 69.
Kd3 Nd5 70. Kc4 Nb6+ 71. Kb4 Nc8 72. Kc5 Ne7 73. Kc4 Nc8 74. Kd5 Ne7+ 75.
Ke4 Nc8 76. Nb3 Nb6 77. Nc5+ Ke7 78. Kd4 Kd8 79. Ne4 Nc8 80. Ng5 Ke7 81.
f6+ Ke8 82. e6 fxe6 83. Ke5 Kd7 84. Nxe6 Nd6 85. Nc5+ Ke8 86. Ke6 Nf7 87.
Ne4 Nd8+ 88. Kf5 Kd7 89. Ke5 Nf7+ 90. Kd5 Nd8 91. Nc5+ Ke8 92. Ke5 Nf7+ 93.
Ke6 Nd6 94. Nd7 Nf7 95. Ne5 Nd8+ 96. Kf5 Kf8 97. Kg6 Ne6 98. Nd7+ Ke8 99.
Ne5 Kf8 100. f7 Nf4+ 101. Kf6 Nd5+ 102. Ke6 Nf4+ 103. Kf6 Nd5+ 104. Kf5 Ke7
105. Kg6 Nf4+ 106. Kg7 Ne6+ 107. Kg6 Nf8+ 108. Kg7 Ne6+ 109. Kg8 1-0

[Event "VII TCh-RUS w"]
[Site "Sochi RUS"]
[Date "2006.04.26"]
[Round "7"]
[White "Dolgova,O"]
[Black "Bystryakova,E"]
[Result "1-0"]
[WhiteElo "2219"]
[BlackElo "2191"]
[EventDate "2006.04.20"]

1. d4 d5 2. c4 e6 3. Nc3 c6 4. cxd5 exd5 5. Nf3 Bd6 6. Bg5 Ne7 7. e3 Bf5 8.
Bd3 Bxd3 9. Qxd3 O-O 10. O-O a5 11. Rfe1 f6 12. Bf4 Na6 13. Bxd6 Qxd6 14.
Rac1 Rfe8 15. Na4 b5 16. Nc5 Nxc5 17. dxc5 Qc7 18. e4 dxe4 19. Rxe4 Nd5 20.
Rce1 Qf7 21. Qe2 Rxe4 22. Qxe4 Ra7 23. Qf5 Qd7 24. Qe4 Qf7 25. Qg4 Qd7 26.
Qh5 g6 27. Qh4 Qf7 28. Qg4 Qd7 29. Qd4 Qf7 30. Qd2 Re7 31. Qxa5 Rxe1+ 32.
Qxe1 Qe7 33. Qxe7 Nxe7 34. Nd4 Kf7 35. Kf1 Ke8 36. Ke2 Kd7 37. a3 Nd5 38.
g4 Nc7 39. Ke3 Na6 40. b4 Nc7 41. Ke4 Ne8 42. h4 Ng7 43. g5 Nh5 44. Ke3 f5
45. Ne2 Ke6 46. Kd4 Kd7 47. Ke5 Ke7 48. Nc3 Ng7 49. a4 bxa4 50. Nxa4 Ne8
51. Nb2 Nc7 52. Nd3 Na6 53. Kd4 Ke6 54. Nf4+ Ke7 55. Kc4 Nc7 56. Ne2 Kd7
57. Nd4 Ne8 58. b5 cxb5+ 59. Kxb5 Nc7+ 60. Kb6 Nd5+ 61. Kb7 f4 62. f3 Ne7
63. Ne2 Nd5 64. c6+ Kd6 65. Nxf4 Nc7 66. Ne2 Ne6 67. Kb6 Nc7 68. Nc3 Ne6
69. Ne4+ Ke5 70. c7 Nxc7 71. Kxc7 Kf4 72. Nf6 1-0

[Event "VII TCh-RUS w"]
[Site "Sochi RUS"]
[Date "2006.04.26"]
[Round "7"]
[White "Fenina,T"]
[Black "Kochetkova,J"]
[Result "0-1"]
[WhiteElo "2078"]
[BlackElo "2366"]
[EventDate "2006.04.20"]

1. e4 e5 2. Nf3 Nc6 3. Bb5 a6 4. Bxc6 dxc6 5. d3 f6 6. Be3 Bg4 7. Nbd2 Qd7
8. h3 Be6 9. Nb3 O-O-O 10. Qd2 b6 11. O-O-O c5 12. Kb1 Qa4 13. Qc3 Ne7 14.
Nc1 Qd7 15. Nd2 Nc6 16. f4 Nd4 17. Nc4 b5 18. Na5 b4 19. Qe1 Qb5 20. Ncb3
Bd6 21. f5 Bf7 22. Qf1 Nxb3 23. Nxb3 c4 24. dxc4 Bxc4 25. Qf2 Qc6 26. Rhe1
Be7 27. Bd2 Rd7 28. Na5 Bc5 29. Be3 Rhd8 30. Rxd7 Qxd7 31. b3 Bxe3 32. Qxe3
Bb5 33. Qa7 Qd2 34. Qb7+ Kd7 35. Rc1 Qd6 36. c4 bxc3 37. Rxc3 Qd1+ 38. Kb2
Qd2+ 39. Rc2 Qxa5 40. Qd5+ Ke7 41. Qc5+ Ke8 42. a4 Rd1 43. g4 h6 44. h4 Rh1
45. Qd5 Kf8 46. g5 hxg5 47. hxg5 Qe1 48. Qc5+ Kg8 49. Qd5+ Kh7 50. g6+ Kh6
51. Ka3 Be2 52. Qd8 Kg5 53. Rxc7 a5 54. Rc2 Bf3 0-1

[Event "VII TCh-RUS w"]
[Site "Sochi RUS"]
[Date "2006.04.26"]
[Round "7"]
[White "Shumiakina,T"]
[Black "Nikolaeva,A2"]
[Result "1-0"]
[WhiteElo "2341"]
[BlackElo "2020"]
[EventDate "2006.04.20"]

1. d4 d5 2. c4 c6 3. Nf3 Nf6 4. e3 g6 5. Nc3 Bg7 6. Bd3 Bg4 7. O-O O-O 8.
h3 Bxf3 9. Qxf3 e6 10. Rd1 Nbd7 11. b3 Re8 12. Bb2 Qe7 13. Qe2 e5 14. dxe5
Nxe5 15. cxd5 Nxd5 16. Nxd5 cxd5 17. Bd4 Red8 18. Rac1 Nxd3 19. Qxd3 Bxd4
20. Qxd4 Rd7 21. Rc2 b6 22. Rcd2 Rad8 23. Qf4 f5 24. Rd4 Kg7 25. h4 h5 26.
g3 Qe6 27. Kg2 Re8 28. Qf3 Red8 29. Rc1 Rd6 30. b4 a6 31. Qe2 Ra8 32. Qd3
b5 33. Rc7+ Kg8 34. Qc3 Rad8 35. Kg1 R8d7 36. Rc5 Kf7 37. Rc8 Rd8 38. Rc7+
R6d7 39. Rc6 Rd6 40. Rc7+ R6d7 41. Rc5 Qf6 42. Kg2 Qe6 43. Kf3 Qf6 44. Rc6
Rd6 45. Rc7+ R8d7 46. Rc8 Rd8 47. Rc7+ R8d7 48. Rc8 Rd8 49. Qc7+ Qe7 50.
Qxe7+ Kxe7 51. Rxd8 Rxd8 52. Kf4 Ke6 53. Kg5 Rg8 54. Rd3 Ke5 55. f4+ Ke4
56. Rd4+ Kxe3 57. Rxd5 Kf3 58. Rd3+ Ke4 59. Rd6 Kf3 60. Rxg6 Rxg6+ 61. Kxg6
Kxg3 62. Kg5 1-0

[Event "VII TCh-RUS w"]
[Site "Sochi RUS"]
[Date "2006.04.27"]
[Round "8"]
[White "Kovanova,B"]
[Black "Shaidullina,S"]
[Result "0-1"]
[WhiteElo "2307"]
[BlackElo "2293"]
[EventDate "2006.04.20"]

1. e4 c5 2. Nf3 Nc6 3. d4 cxd4 4. Nxd4 Nf6 5. Nc3 e5 6. Ndb5 d6 7. a4 a6 8.
Na3 Bg4 9. Be2 Bxe2 10. Qxe2 d5 11. Bg5 d4 12. Nd5 Qa5+ 13. Bd2 Qd8 14. Bg5
Qa5+ 15. Bd2 Qd8 16. Nxf6+ Qxf6 17. O-O Bc5 18. Nc4 O-O 19. a5 Rad8 20. Qd3
Qe6 21. f3 Rfe8 22. Kh1 Rc8 23. b3 Rc7 24. Ra4 Kh8 25. Bc1 Nb8 26. f4 exf4
27. Bxf4 Rd7 28. Bxb8 Rxb8 29. Rf5 Ba7 30. Ra1 f6 31. e5 Rf8 32. Raf1 Kg8
33. Qg3 Bb8 34. Qh3 Rdf7 35. Kg1 g6 36. Rxf6 Rxf6 37. exf6 Qxh3 38. gxh3
Kf7 39. Kg2 Re8 40. Rf2 Re6 41. Nb6 Be5 42. Nd7 Bxf6 43. h4 Ke7 44. Nxf6
Rxf6 45. Rd2 Rf4 46. Kg3 Re4 47. Kf3 Rxh4 48. Kg3 g5 49. Re2+ Kd7 50. Re5
h6 51. Rf5 Re4 52. Kf3 Re3+ 53. Kg4 Ke6 54. Rf8 Rc3 55. Rf2 d3 56. cxd3
Rxd3 57. Kh5 Rh3+ 58. Kg6 Kd6 59. b4 g4 60. Rf4 h5 61. Rf2 Kd5 62. Rf5+ Kc4
63. Rxh5 Kxb4 64. Kg5 Kxa5 65. Kxg4+ Rxh5 0-1

[Event "VII TCh-RUS w"]
[Site "Sochi RUS"]
[Date "2006.04.27"]
[Round "8"]
[White "Kovalevskaya,E"]
[Black "Bronnikova,E"]
[Result "1-0"]
[WhiteElo "2460"]
[BlackElo "2271"]
[EventDate "2006.04.20"]

1. c4 e5 2. Nc3 Nc6 3. Nf3 g6 4. d4 exd4 5. Nxd4 Bg7 6. Nxc6 bxc6 7. e4 d6
8. Be2 Be6 9. O-O Ne7 10. Bg5 O-O 11. Qd2 Qd7 12. Rad1 c5 13. Nd5 f6 14.
Bh6 Nc6 15. Bxg7 Qxg7 16. Ne3 Rab8 17. b3 Nd4 18. Bd3 Bd7 19. Rde1 Bc6 20.
Nc2 Nxc2 21. Bxc2 Rfe8 22. Re3 Re7 23. Qa5 Ree8 24. Rfe1 Qd7 25. Qd2 Re7
26. h4 Qg4 27. Bd1 Qf4 28. h5 Rbe8 29. Bf3 g5 30. g3 Qe5 31. Qa5 Qe6 32.
Bg2 g4 33. h6 Qe5 34. Qa6 Ba8 35. Qxa7 Qh5 36. Qa3 f5 37. e5 Bxg2 38. Kxg2
Qxh6 39. e6 Rxe6 40. Rxe6 Rxe6 41. Qa8+ Kg7 42. Rxe6 Qxe6 43. a4 Qe1 44.
Qd8 Qe4+ 45. Kh2 Kg6 46. Qg8+ Kh6 47. Qd5 Qe1 48. Qxf5 Qc3 49. Qe6+ Kh5 50.
Qe8+ 1-0

[Event "VII TCh-RUS w"]
[Site "Sochi RUS"]
[Date "2006.04.27"]
[Round "8"]
[White "Kochetkova,J"]
[Black "Bannikova,A"]
[Result "1-0"]
[WhiteElo "2366"]
[BlackElo "2157"]
[EventDate "2006.04.20"]

1. e4 c5 2. Nf3 Nc6 3. d4 cxd4 4. Nxd4 Nf6 5. Nc3 e5 6. Ndb5 d6 7. Bg5 a6
8. Na3 b5 9. Nd5 Be7 10. Bxf6 Bxf6 11. c3 Bg5 12. Nc2 Rb8 13. a4 bxa4 14.
Ncb4 Nxb4 15. cxb4 Bd7 16. Bxa6 O-O 17. Rxa4 Bxa4 18. Qxa4 g6 19. O-O f5
20. b5 Bd2 21. b6 Rxb6 22. Nxb6 Qxb6 23. exf5 Rxf5 24. Bc4+ Kf8 25. Qd7 Be1
26. Kh1 Qb4 27. Be6 Rf4 28. Qxh7 Qd2 29. Qd7 Qb4 30. b3 Qd2 31. Bc4 Qb4 32.
Qh7 Bc3 33. Qxg6 Ke7 34. g3 Rd4 35. h4 Rd2 36. Qf7+ Kd8 37. Be6 Qe4+ 38.
Kg1 Qc6 39. Rc1 Rd3 40. Qg8+ Qe8 41. Qxe8+ Kxe8 42. Bf5 Rf3 43. Be4 Bb2 44.
Bxf3 Bxc1 45. b4 Kd7 46. b5 Kc7 47. g4 Kb6 48. Bc6 Kc5 49. Kg2 d5 50. g5 d4
51. Kf3 d3 52. Be4 Kxb5 53. Bxd3+ Kc5 54. Ke4 Kd6 55. Kf5 Ke7 56. h5 Kf7
57. g6+ Kg7 58. Kxe5 Kh6 59. Kf6 Bb2+ 60. Kf7 1-0

[Event "VII TCh-RUS w"]
[Site "Sochi RUS"]
[Date "2006.04.27"]
[Round "8"]
[White "Deriabina,S"]
[Black "Shumiakina,T"]
[Result "0-1"]
[WhiteElo "2101"]
[BlackElo "2341"]
[EventDate "2006.04.20"]

1. d4 Nf6 2. c4 e6 3. Nc3 Bb4 4. e3 O-O 5. Bd3 d5 6. Nge2 dxc4 7. Bxc4 e5
8. O-O Nc6 9. a3 Bd6 10. Nb5 Be7 11. d5 Nb8 12. b4 a6 13. Nbc3 b5 14. Ba2
Bd6 15. e4 Nbd7 16. Bg5 h6 17. Bh4 Re8 18. f3 Nf8 19. Qd2 Nxe4 20. fxe4
Qxh4 21. Ng3 Nh7 22. Rae1 Nf6 23. Nf5 Bxf5 24. Rxf5 a5 25. Re3 axb4 26.
axb4 Bxb4 27. Bb1 Bc5 0-1

[Event "VII TCh-RUS w"]
[Site "Sochi RUS"]
[Date "2006.04.27"]
[Round "8"]
[White "Nebolsina,V"]
[Black "Nikolaeva,A2"]
[Result "0-1"]
[WhiteElo "2274"]
[BlackElo "2020"]
[EventDate "2006.04.20"]

1. d4 d5 2. Nf3 Nf6 3. c4 c6 4. Nc3 dxc4 5. a4 e6 6. Bg5 Be7 7. e3 Nbd7 8.
Bxc4 O-O 9. O-O b6 10. Qe2 Nd5 11. Bxe7 Qxe7 12. Rfc1 Bb7 13. e4 Nb4 14. a5
b5 15. Bb3 a6 16. e5 c5 17. Ne4 cxd4 18. Rc7 d3 19. Qe3 Bxe4 20. Qxe4 Nc5
21. Rxc5 Qxc5 22. Ng5 g6 23. Qh4 h5 24. Qf4 Nd5 25. Qg3 d2 26. Rd1 Ne7 27.
Ne4 Qd4 28. Qf4 Qxb2 29. Nf6+ Kg7 30. Qg5 Ng8 31. Nxh5+ Kh7 32. Qe3 gxh5
33. Qd3+ Kh8 34. Bc2 f5 35. exf6 Ra7 36. Rxd2 Qxf6 37. Qe2 Qh6 38. Rd6 Rf6
39. Qe5 Raf7 40. g3 Rg7 41. f4 h4 0-1

[Event "VII TCh-RUS w"]
[Site "Sochi RUS"]
[Date "2006.04.27"]
[Round "8"]
[White "Stepovaia Dianchenko,T"]
[Black "Ovod,E"]
[Result "0-1"]
[WhiteElo "2343"]
[BlackElo "2395"]
[EventDate "2006.04.20"]

1. e4 c5 2. d3 Nc6 3. f4 g6 4. Nf3 Bg7 5. g3 e6 6. Bg2 Nge7 7. O-O O-O 8.
c3 b6 9. Re1 Bb7 10. Be3 d6 11. Na3 Qd7 12. Nc2 f5 13. exf5 Nxf5 14. Bf2
Rae8 15. Qd2 e5 16. Ng5 d5 17. Ne3 Nxe3 18. Bxe3 h6 19. Nf3 d4 20. cxd4
cxd4 21. Bf2 exf4 22. Rxe8 Qxe8 23. gxf4 Qf7 24. Bg3 Ne7 25. Ne5 Bxe5 26.
Bxb7 Bxf4 27. Bxf4 Qxf4 28. Qxf4 Rxf4 29. Rc1 Nf5 30. Kg2 Kg7 31. Be4 Kf6
32. Rc7 Ne3+ 33. Kg3 Rxe4 34. dxe4 d3 0-1

[Event "VII TCh-RUS w"]
[Site "Sochi RUS"]
[Date "2006.04.27"]
[Round "8"]
[White "Molchanova,T"]
[Black "Dolgova,O"]
[Result "1-0"]
[WhiteElo "2312"]
[BlackElo "2219"]
[EventDate "2006.04.20"]

1. e4 c6 2. d4 d5 3. e5 Bf5 4. Nf3 e6 5. Be2 Nd7 6. O-O c5 7. c3 Ne7 8. Nh4
Bg6 9. Nd2 Nc6 10. Nxg6 hxg6 11. Nf3 Be7 12. a3 O-O 13. b4 cxd4 14. cxd4
Nb6 15. g3 Nc4 16. h4 b5 17. Bd3 a5 18. h5 gxh5 19. Nh4 g6 20. Nxg6 fxg6
21. Bxg6 Qd7 22. Qxh5 Bd8 23. Bh6 Bb6 24. Qg4 Kh8 25. Bxf8 Rxf8 26. Kg2 Kg8
27. Be8+ Qg7 28. Qxe6+ Rf7 29. Bxf7+ Qxf7 30. Qxc6 a4 31. Rh1 1-0

[Event "VII TCh-RUS w"]
[Site "Sochi RUS"]
[Date "2006.04.27"]
[Round "8"]
[White "Sirotkina,N"]
[Black "Movsisian,N"]
[Result "0-1"]
[WhiteElo "2277"]
[BlackElo "2291"]
[EventDate "2006.04.20"]

1. d4 d6 2. e4 g6 3. c4 Bg7 4. Nc3 Nf6 5. Be2 O-O 6. Bg5 Nbd7 7. Qd2 c5 8.
d5 Re8 9. h4 h5 10. Nh3 a6 11. O-O Nf8 12. Bh6 Bxh3 13. Bxg7 Kxg7 14. gxh3
e6 15. Qf4 exd5 16. exd5 Re5 17. Bd3 Qe7 18. a4 Re8 19. Kh2 Ng8 20. Rg1 Qf6
21. Qg3 Nh6 22. Rgf1 Nf5 23. Bxf5 Rxf5 24. Rac1 Rf3 25. Qg2 Qf4+ 26. Kg1
Nd7 27. Rce1 Rxe1 28. Rxe1 Ne5 29. Ne2 Qd2 30. Kf1 Rb3 31. Rb1 Nf3 32. Ra1
Nxh4 33. Qe4 Nf5 34. Rb1 Rxh3 35. b4 cxb4 36. c5 dxc5 37. Kg2 Rh4 38. Qe5+
Kh7 39. Rf1 Rg4+ 40. Kh1 Qg5 0-1

[Event "VII TCh-RUS w"]
[Site "Sochi RUS"]
[Date "2006.04.27"]
[Round "8"]
[White "Lupik,M"]
[Black "Meleshko,Ann"]
[Result "1-0"]
[WhiteElo "2204"]
[BlackElo "2227"]
[EventDate "2006.04.20"]

1. c4 Nf6 2. Nf3 g6 3. Nc3 d5 4. Qa4+ c6 5. cxd5 Nxd5 6. Qd4 Nf6 7. Qxd8+
Kxd8 8. d4 Bg7 9. e4 Ke8 10. Bc4 e6 11. e5 Nd5 12. Ne4 h6 13. Nd6+ Ke7 14.
b3 Nb4 15. O-O Nd7 16. Bd2 a5 17. a3 Nd5 18. b4 f6 19. Bxd5 cxd5 20. bxa5
fxe5 21. Bb4 e4 22. Nxe4+ Kf7 23. Nd6+ Kf6 24. Ne5 Nxe5 25. dxe5+ Kxe5 26.
f4+ Kf6 27. Bc3+ Ke7 28. Bxg7 Rg8 29. Nxc8+ Rgxc8 30. Rfb1 Rxa5 31. Rxb7+
Kd6 32. Be5+ Kc6 33. Re7 1-0

[Event "VII TCh-RUS w"]
[Site "Sochi RUS"]
[Date "2006.04.27"]
[Round "8"]
[White "Semenova,Ir"]
[Black "Cmilyte,V"]
[Result "0-1"]
[WhiteElo "2240"]
[BlackElo "2470"]
[EventDate "2006.04.20"]

1. e4 c5 2. Nf3 Nc6 3. d4 cxd4 4. Nxd4 Nf6 5. Nc3 e5 6. Ndb5 d6 7. Bg5 a6
8. Na3 b5 9. Bxf6 gxf6 10. Nd5 f5 11. Bd3 Be6 12. Qh5 Rg8 13. g3 Nd4 14. c3
fxe4 15. Bxe4 Bg4 16. Qxh7 Rg7 17. Qh8 Nf3+ 18. Ke2 Ng5+ 19. f3 Nxe4 20.
fxg4 Qg5 21. Ne3 d5 22. Nac2 O-O-O 23. Qh3 d4 24. Qg2 Qg6 25. Rhd1 Bc5 26.
h3 dxe3 27. Rxd8+ Kxd8 28. Nxe3 Bxe3 29. Kxe3 Qh6+ 30. Kd3 f5 31. Kc2 Rd7
32. Rd1 Rxd1 33. Kxd1 Qe3 34. gxf5 Nf2+ 35. Kc2 Qd3+ 36. Kb3 Qc4+ 37. Kc2
Qd3+ 38. Kb3 Qc4+ 39. Kc2 Qe2+ 40. Kb3 Qd1+ 41. Kb4 Kc7 42. c4 Qc2 0-1

[Event "VII TCh-RUS w"]
[Site "Sochi RUS"]
[Date "2006.04.27"]
[Round "8"]
[White "Turova,I"]
[Black "Malashenko,A"]
[Result "1-0"]
[WhiteElo "2362"]
[BlackElo "2149"]
[EventDate "2006.04.20"]

1. d4 g6 2. c4 Bg7 3. Nc3 Nf6 4. e4 d6 5. f4 c5 6. d5 Na6 7. Nf3 Bg4 8. Be2
Nd7 9. O-O O-O 10. Be3 Qa5 11. Bd2 Qd8 12. a3 Nb6 13. Qb3 Nc7 14. h3 Bd7
15. e5 Ne8 16. Ne4 Qc7 17. Qe3 Bf5 18. Ng3 Bc8 19. a4 Nd7 20. e6 Ndf6 21.
exf7+ Rxf7 22. Ng5 Rf8 23. Bc3 b6 24. Bd3 a6 25. f5 gxf5 26. Bxf5 Bxf5 27.
Nxf5 Qd7 28. Ne6 Rf7 29. Rae1 1-0

[Event "VII TCh-RUS w"]
[Site "Sochi RUS"]
[Date "2006.04.27"]
[Round "8"]
[White "Zemlianukhina,V"]
[Black "Demina,J"]
[Result "1/2-1/2"]
[WhiteElo "2063"]
[BlackElo "2302"]
[EventDate "2006.04.20"]

1. e4 c5 2. Nf3 e6 3. d3 Nc6 4. g3 g6 5. Bg2 Bg7 6. O-O Nge7 7. Re1 d5 8.
Nbd2 b6 9. c3 a5 10. e5 Qc7 11. Qe2 h6 12. c4 g5 13. h3 Ra7 14. a4 Nf5 15.
Nb3 d4 16. Nbd2 Kf8 17. Nb1 Bb7 18. Na3 Ra8 19. Nb5 Qd7 20. g4 Nfe7 21. h4
gxh4 22. Bf4 Ng6 23. Bh2 Rd8 1/2-1/2

[Event "VII TCh-RUS w"]
[Site "Sochi RUS"]
[Date "2006.04.28"]
[Round "9"]
[White "Bannikova,A"]
[Black "Komiagina,M"]
[Result "0-1"]
[WhiteElo "2157"]
[BlackElo "2341"]
[EventDate "2006.04.20"]

1. d4 Nf6 2. c4 g6 3. Nc3 Bg7 4. e4 d6 5. f3 Nc6 6. Be3 O-O 7. Qd2 e5 8. d5
Nd4 9. Nge2 Nxe2 10. Bxe2 a6 11. g4 Bd7 12. h4 h5 13. Bg5 Qe8 14. O-O-O b5
15. Rdg1 Kh7 16. Bxf6 Bxf6 17. gxh5 Rg8 18. f4 b4 19. Nd1 exf4 20. Qxf4 Bg7
21. Qf3 Qe7 22. Bd3 Raf8 23. Kb1 Bh6 24. Nf2 Qe5 25. Rg5 Bxg5 26. hxg5 Kg7
27. Bf1 Qxg5 28. Bh3 Bxh3 29. Rxh3 Rh8 30. Rg3 Qxh5 31. Qe3 Re8 32. a3 bxa3
33. Qxa3 Qe5 34. Ka2 Qd4 35. Ng4 Qxc4+ 36. Rb3 Rxe4 0-1

[Event "VII TCh-RUS w"]
[Site "Sochi RUS"]
[Date "2006.04.28"]
[Round "9"]
[White "Vasilevich,I"]
[Black "Kovalevskaya,E"]
[Result "1/2-1/2"]
[WhiteElo "2345"]
[BlackElo "2460"]
[EventDate "2006.04.20"]

1. c4 e5 2. Nc3 Nc6 3. g3 Nf6 4. Bg2 Bb4 5. Nd5 Nxd5 6. cxd5 Ne7 7. a3 Bc5
8. b4 Bd4 9. Rb1 d6 10. e3 Bb6 11. Bb2 O-O 12. Ne2 Bf5 13. d3 a5 14. O-O
axb4 15. axb4 Qd7 16. Re1 Bh3 17. Bh1 Rae8 18. d4 Ng6 19. dxe5 dxe5 20. Nc3
f5 21. Na4 e4 22. Nxb6 cxb6 23. Rc1 Qd6 24. Qb3 Ne5 25. b5 Nd3 26. Ba3 Nxc1
27. Rxc1 Rc8 28. Rd1 Rc5 29. Bg2 Bg4 30. Rd2 Ra8 31. h3 Bh5 32. Bxc5 bxc5
33. Bf1 Bf7 34. Bc4 Kf8 35. Ra2 Rd8 36. Ra7 Qb6 37. Qa2 h6 38. Kg2 Bh5 39.
Ra8 Rxa8 40. Qxa8+ Ke7 41. Qg8 Qf6 42. d6+ Qxd6 43. Qxg7+ Kd8 44. Qxb7 Bf3+
45. Kh2 Qd2 46. Qb6+ Kd7 47. Qc6+ Kd8 48. Qf6+ Kc7 49. Qc6+ Kd8 1/2-1/2

[Event "VII TCh-RUS w"]
[Site "Sochi RUS"]
[Date "2006.04.30"]
[Round "11"]
[White "Korbut,E"]
[Black "Mkrtchian,L"]
[Result "0-1"]
[WhiteElo "2442"]
[BlackElo "2453"]
[EventDate "2006.04.20"]

1. e4 e5 2. Nf3 Nc6 3. Bb5 a6 4. Ba4 Nf6 5. O-O b5 6. Bb3 Bc5 7. d3 d6 8.
a4 Rb8 9. Be3 O-O 10. axb5 axb5 11. h3 Bxe3 12. fxe3 Be6 13. c3 Bxb3 14.
Qxb3 d5 15. Ra6 dxe4 16. dxe4 Qd6 17. Nbd2 Qc5 18. Kf2 Rfd8 19. Ke2 Rd6 20.
Rfa1 Rbd8 21. Qc2 h6 22. Ra8 Nb4 23. Qb3 Nd3 24. Rxd8+ Rxd8 25. Qa3 Qc6 26.
Qa6 Qd7 27. c4 Nb4 28. Qa7 Qd3+ 29. Kf2 Qc2 30. Kg1 Rxd2 31. Nxd2 Qxd2 32.
Qxc7 Qxe3+ 33. Kh1 Qxe4 34. cxb5 Nbd5 35. Qb7 Nh5 36. Ra8+ Kh7 37. Qxf7
Ndf6 38. Ra3 Nf4 39. Rg3 N4h5 40. Rf3 Qe1+ 41. Kh2 e4 42. Qe6 Qd2 43. Rc3
Qg5 44. Qb3 Nf4 45. Qc2 Qxb5 46. Rc5 Qb8 47. Rc8 Qe5 48. Qc3 Qf5 49. g4
Nxg4+ 50. hxg4 Qxg4 51. Qg3 Qh5+ 0-1

[Event "VII TCh-RUS w"]
[Site "Sochi RUS"]
[Date "2006.04.30"]
[Round "11"]
[White "Kochetkova,J"]
[Black "Sudakova,I"]
[Result "1/2-1/2"]
[WhiteElo "2366"]
[BlackElo "2391"]
[EventDate "2006.04.20"]

1. e4 e5 2. Nf3 Nf6 3. Nxe5 d6 4. Nf3 Nxe4 5. Nc3 Nxc3 6. dxc3 Be7 7. Bf4
Nd7 8. Qd2 Nc5 9. O-O-O O-O 10. Be3 Re8 11. Bc4 Be6 12. Bxe6 Nxe6 13. h4
Qd7 14. Qd3 Qc6 15. Ng5 Nf8 16. Qf5 Bxg5 17. Qxg5 Qe4 18. h5 h6 19. Qg3 Qe5
20. Qg4 Qe6 21. Qg3 Qe5 22. Qf3 Qe4 23. Qe2 Re7 24. Qd2 Rae8 25. g4 f6 26.
Rhg1 Nd7 27. b3 Ne5 28. Rg3 Nxg4 29. Bxh6 gxh6 30. f3 Qe3 31. Rxg4+ Rg7 32.
Rxg7+ Kxg7 33. c4 Qxd2+ 34. Kxd2 Re5 35. Rh1 Rg5 36. Rh2 f5 1/2-1/2

[Event "VII TCh-RUS w"]
[Site "Sochi RUS"]
[Date "2006.04.30"]
[Round "11"]
[White "Cmilyte,V"]
[Black "Kovalevskaya,E"]
[Result "1/2-1/2"]
[WhiteElo "2470"]
[BlackElo "2460"]
[EventDate "2006.04.20"]

1. d4 Nf6 2. c4 e6 3. Nc3 Bb4 4. Qc2 O-O 5. a3 Bxc3+ 6. Qxc3 Ne4 7. Qc2 f5
8. e3 b6 9. Nh3 Bb7 10. f3 Ng5 11. Nf2 c5 12. dxc5 bxc5 13. Be2 e5 14. Bd2
Nc6 15. h4 Ne6 16. Bd3 e4 17. fxe4 f4 18. O-O-O fxe3 19. Bxe3 Ncd4 20. Qc3
Rb8 21. Rd2 Bxe4 22. b4 Bxd3 23. Nxd3 d6 24. Kb2 Qe8 25. h5 h6 26. Ka2 Rf5
27. g4 Rf3 28. Re1 Qc8 29. Rf2 Rxf2+ 30. Bxf2 Qc6 31. Bg3 Rf8 32. Re3 Rf1
33. bxc5 dxc5 34. Ne1 Rf7 35. Nd3 Rb7 36. Nb2 Qg2 37. Be5 Qf2 38. Rd3 Qe2
39. Bxd4 Rxb2+ 40. Qxb2 Qxd3 41. Be5 Qxc4+ 42. Qb3 Qe2+ 43. Qb2 Qa6 44. Qg2
Qc4+ 45. Kb2 Qb5+ 46. Ka1 Qd3 47. Kb2 c4 48. Qc2 Nc5 49. Kb1 Qd5 50. Bb2
Nd3 51. Qe2 Qf7 52. Qe4 Qf1+ 53. Ka2 Qf7 54. Qa8+ Kh7 55. Qe4+ Kg8 56. Qa8+
Kh7 57. Qe4+ 1/2-1/2